[Event "68..ITA Provinciale VE"]
[Site "Venezia Coletti"]
[Date "2008.01.26"]
[Round "1.4"]
[White "Biagioli, Valerio"]
[Black "Bastianello, Tito"]
[Result "1-0"]
[WhiteElo "1706"]
[BlackElo "1434"]
[Annotator "Gabriele Ballarin"]
[PlyCount "65"]
[EventDate "2008.01.26"]
[EventType "swiss"]
[EventRounds "5"]
[EventCountry "ITA"]

1. d4 Nf6 2. c4 g6 3. Nc3 Bg7 4. e4 d6 5. Bd3 e5 6. d5 O-O 7. Nge2 Nh5 8. O-O f5 9. f4 exf4 10. Nxf4 Nxf4 11. Bxf4 Na6 12. exf5 Bxf5 13. Bxf5 Rxf5 14. Bg3 Rxf1+ 15. Qxf1 Qg5 16. Qe2 Nc5 17. Rf1 Bd4+ 18. Bf2 Bxc3 19. Bxc5 Bg7 20. Qe6+ Kh8 21. Be3 Qh5 22. g4 Qh4 23. b3 Be5 24. Bf4 Bd4+ 25. Kg2 Rf8 26. Be5+ dxe5 27. Rxf8+ Kg7 28. Rf7+ Kh6 29. Rf3 Qe1 30. g5+ Kxg5 31. Qf6+ Kh5 32. Rh3+ Kg4 33. Rg3+ 1-0

[Event "68..ITA Provinciale VE"]
[Site "Venezia Coletti"]
[Date "2008.01.27"]
[Round "2.1"]
[White "Bettera, Roberto"]
[Black "Biagioli, Valerio"]
[Result "1-0"]
[WhiteElo "2021"]
[BlackElo "1706"]
[Annotator "Gabriele Ballarin"]
[PlyCount "89"]
[EventDate "2008.01.26"]
[EventType "swiss"]
[EventRounds "5"]
[EventCountry "ITA"]

1. d4 e6 2. c4 Nf6 3. Nf3 Bb4+ 4. Bd2 Bxd2+ 5. Qxd2 O-O 6. Nc3 b6 7. e4 Bb7 8. Bd3 d6 9. O-O Nc6 10. Rad1 e5 11. d5 Ne7 12. Nh4 Ng6 13. Nf5 Bc8 14. g3 Ne7 15. Qg5 Nxf5 16. exf5 h6 17. Qh4 Nh7 18. Qh3 a6 19. g4 Re8 20. Qg3 Bd7 21. h4 f6 22. Ne4 Qe7 23. Bc2 Red8 24. Bb3 a5 25. a3 Kf8 26. Qe3 Rab8 27. Rfe1 Qf7 28. Rd3 Ke7 29. c5 g6 30. cxd6+ cxd6 31. Qxh6 gxf5 32. gxf5 Bxf5 33. Rg3 Rg8 34. Kh2 Rxg3 35. Nxg3 Bd7 36. f4 Nf8 37. fxe5 fxe5 38. Rxe5+ Kd8 39. Re2 Rc8 40. Qxd6 Qg6 41. Qxf8+ Kc7 42. Qf4+ Kb7 43. Re7 Rd8 44. Ba4 Kc8 45. Rxd7 1-0

[Event "68..ITA Provinciale VE"]
[Site "Venezia Coletti"]
[Date "2008.01.27"]
[Round "2.2"]
[White "Casagrande, Corrado"]
[Black "Pasqualetto, Lorenzo"]
[Result "1-0"]
[WhiteElo "1532"]
[BlackElo "1404"]
[Annotator "Gabriele Ballarin"]
[PlyCount "37"]
[EventDate "2008.01.26"]
[EventType "swiss"]
[EventRounds "5"]
[EventCountry "ITA"]

1. d4 d5 2. Nf3 e6 3. e3 Nf6 4. Bd3 Be7 5. Nbd2 O-O 6. c3 Nbd7 7. e4 dxe4 8. Nxe4 b6 9. Qe2 Bb7 10. O-O c5 11. dxc5 Nxc5 12. Nxc5 Bxc5 13. Bg5 h6 14. Bh4 g5 15. Bg3 Bd6 16. Rad1 Kh8 17. Bb1 Ne8 18. Qd3 f5 19. Bxd6 1-0

[Event "68..ITA Provinciale VE"]
[Site "Venezia Coletti"]
[Date "2008.01.27"]
[Round "2.3"]
[White "Ruggeri, Pietro"]
[Black "Bastianello, Federico"]
[Result "1-0"]
[WhiteElo "2112"]
[BlackElo "1440"]
[Annotator "Gabriele Ballarin"]
[PlyCount "51"]
[EventDate "2008.01.26"]
[EventType "swiss"]
[EventRounds "5"]
[EventCountry "ITA"]

1. d4 d5 2. Bf4 Nf6 3. e3 c6 4. Nd2 Nbd7 5. Bd3 c5 6. c3 cxd4 7. exd4 g6 8. h3 Bg7 9. Ngf3 h5 10. O-O Bh6 11. Bxh6 Rxh6 12. Re1 e6 13. Ne5 Nxe5 14. dxe5 Nd7 15. Nf3 f5 16. exf6 Qxf6 17. Qd2 Rh8 18. Rxe6+ Qxe6 19. Re1 Qxe1+ 20. Qxe1+ Kf8 21. Qe3 Rg8 22. Qh6+ Kf7 23. Qf4+ Nf6 24. Qc7+ Nd7 25. Ne5+ Ke6 26. Nxg6 1-0

[Event "68..ITA Provinciale VE"]
[Site "Venezia Coletti"]
[Date "2008.01.27"]
[Round "2.4"]
[White "Marchiori, Diego"]
[Black "Bozzao, Francesco"]
[Result "1-0"]
[WhiteElo "2077"]
[BlackElo "1917"]
[Annotator "Gabriele Ballarin"]
[PlyCount "89"]
[EventDate "2008.01.26"]
[EventType "swiss"]
[EventRounds "5"]
[EventCountry "ITA"]

1. e4 c5 2. Nf3 d6 3. Bb5+ Bd7 4. Bxd7+ Qxd7 5. O-O Nf6 6. d3 g6 7. c4 Bg7 8. Nc3 O-O 9. Bg5 Nc6 10. Qd2 Rfe8 11. h3 e6 12. Rae1 a6 13. Qf4 e5 14. Qh4 Re6 15. Nd5 Qd8 16. Nh2 h6 17. Bxh6 Nxd5 18. Qxd8+ Nxd8 19. exd5 Re8 20. Bxg7 Kxg7 21. Nf3 f6 22. d4 Nf7 23. dxc5 dxc5 24. Nd2 f5 25. Rb1 a5 26. b3 Nd6 27. Rfe1 Re7 28. Nf3 Kf6 29. h4 Rh8 30. g3 Ne4 31. Kg2 b6 32. Ng5 Nxg5 33. hxg5+ Kxg5 34. Rxe5 Reh7 35. Re6 Rh6 36. Kf3 Rb8 37. Rbe1 Rh7 38. Rc6 Rf7 39. a4 Rf6 40. Ree6 Rxe6 41. Rxe6 Rb7 42. Rc6 Rb8 43. d6 Kf6 44. d7+ Ke7 45. Rc8 1-0

[Event "68..ITA Provinciale VE"]
[Site "Venezia Coletti"]
[Date "2008.01.27"]
[Round "2.5"]
[White "Velluti, Alberto"]
[Black "Civitareale, Alberto"]
[Result "1-0"]
[WhiteElo "1948"]
[BlackElo "1682"]
[Annotator "Gabriele Ballarin"]
[PlyCount "31"]
[EventDate "2008.01.26"]
[EventType "swiss"]
[EventRounds "5"]
[EventCountry "ITA"]

1. e4 e5 2. Nf3 Nc6 3. Bb5 a6 4. Ba4 Nf6 5. O-O b5 6. Bb3 Bc5 7. Nxe5 Nxe5 8. d4 Bd6 9. dxe5 Bxe5 10. f4 Bd6 11. e5 Bc5+ 12. Kh1 Ne4 13. Qd5 Qe7 14. Qxa8 Nf2+ 15. Rxf2 Bxf2 16. Qxc8+ 1-0

[Event "68..ITA Provinciale VE"]
[Site "Venezia Coletti"]
[Date "2008.01.27"]
[Round "3.1"]
[White "Casagrande, Corrado"]
[Black "Bettera, Roberto"]
[Result "0-1"]
[WhiteElo "1532"]
[BlackElo "2021"]
[Annotator "Roberto Bettera"]
[PlyCount "90"]
[EventDate "2008.01.26"]
[EventType "swiss"]
[EventRounds "5"]
[EventCountry "ITA"]

1. d4 Nf6 2. Nf3 g6 3. Nbd2 c5 4. c3 cxd4 5. cxd4 Bg7 6. e4 d6 7. Bd3 O-O 8. O-O Nc6 9. Nb3 Qb6 10. Bd2 a5 11. Bc3 Nb4 12. Bxb4 Qxb4 13. Qd2 Qb6 14. Qc3 Bd7 15. Nbd2 Rfc8 16. Nc4 Qd8 17. Qb3 b5 18. Ne3 Rab8 19. Rac1 a4 20. Qb4 Qb6 21. e5 Ne8 22. Nd5 Qd8 23. Qd2 Be6 24. Rxc8 Rxc8 25. Nb4 dxe5 26. dxe5 Qb6 27. Be4 Rd8 28. Qc2 Bc4 29. Rd1 Rc8 30. Nd5 Qe6 31. Qb1 Be2 32. Rd2 Bxf3 33. Bxf3 Bxe5 34. Nc3 Nd6 35. Ne2 Qf6 36. Bg4 Rc4 37. Bf3 Rb4 38. Qd3 Bxb2 39. Bd5 Be5 40. Rc2 Rb1+ 41. Rc1 Rxc1+ 42. Nxc1 Qf4 43. Qe3 Qxh2+ 44. Kf1 Nf5 45. Qd2 Bf4 0-1

[Event "68..ITA Provinciale VE"]
[Site "Venezia Coletti"]
[Date "2008.01.27"]
[Round "3.3"]
[White "Bastianello, Tito"]
[Black "Pasqualetto, Lorenzo"]
[Result "1-0"]
[WhiteElo "1434"]
[BlackElo "1404"]
[Annotator "Gabriele Ballarin"]
[PlyCount "95"]
[EventDate "2008.01.26"]
[EventType "swiss"]
[EventRounds "5"]
[EventCountry "ITA"]

1. e4 c5 2. c3 d5 3. exd5 Qxd5 4. d4 cxd4 5. cxd4 e5 6. Nc3 Qxd4 7. Qxd4 exd4 8. Nb5 Bb4+ 9. Bd2 Bxd2+ 10. Kxd2 Kd8 11. Nd6 Ke7 12. Nxc8+ Kd7 13. Nxa7 Rxa7 14. Bb5+ Nc6 15. Nf3 Nge7 16. Nxd4 Rd8 17. Nb3 Kc7+ 18. Ke2 Nf5 19. Rhc1 Kb8 20. Bxc6 bxc6 21. Rxc6 Rb7 22. Kf1 Rbd7 23. Rac1 Rd1+ 24. Ke2 Rxc1 25. Rxc1 Re8+ 26. Kf1 h6 27. Na5 Nd4 28. Nc6+ Nxc6 29. Rxc6 Re7 30. b4 Rb7 31. a3 Ra7 32. Rc3 Kb7 33. Ke2 Ra6 34. Kd2 Rd6+ 35. Kc2 Re6 36. Re3 Rc6+ 37. Kb3 Kb6 38. Re7 Rf6 39. f3 g5 40. a4 h5 41. Re5 g4 42. a5+ Ka6 43. fxg4 hxg4 44. Rg5 Rf4 45. Ka4 Rf1 46. Rxg4 Ra1+ 47. Kb3 Rb1+ 48. Kc2 1-0

[Event "68..ITA Provinciale VE"]
[Site "Venezia Coletti"]
[Date "2008.01.27"]
[Round "3.4"]
[White "Bozzao, Francesco"]
[Black "Biagioli, Valerio"]
[Result "1-0"]
[WhiteElo "1917"]
[BlackElo "1706"]
[Annotator "Gabriele Ballarin"]
[PlyCount "151"]
[EventDate "2008.01.26"]
[EventType "swiss"]
[EventRounds "5"]
[EventCountry "ITA"]

1. d4 e6 2. Nf3 d5 3. c4 dxc4 4. Nc3 Nf6 5. e3 c5 6. Bxc4 Nc6 7. O-O cxd4 8. exd4 Be7 9. Bf4 O-O 10. Rc1 a6 11. Re1 b5 12. Bd3 Bb7 13. Bb1 g6 14. Ne4 Nd5 15. Bh6 Re8 16. Ne5 Nxe5 17. dxe5 Rc8 18. Qg4 Rxc1 19. Rxc1 Qd7 20. h4 f5 21. exf6 Nxf6 22. Nxf6+ Bxf6 23. Rd1 Qf7 24. h5 g5 25. f4 Kh8 26. fxg5 Rg8 27. g6 Qe7 28. Re1 Bd5 29. Bf5 Qc5+ 30. Be3 Qe7 31. Bf2 e5 32. Rd1 Bc6 33. Bb6 h6 34. Rc1 Qb7 35. Be3 Bg7 36. Be6 Rd8 37. Qh4 Re8 38. Bf7 Rb8 39. Rd1 Qc7 40. Bf2 Be8 41. Be6 Bc6 42. g4 Rf8 43. Bf7 Bf3 44. Re1 e4 45. g5 Qe7 46. Be3 hxg5 47. Qxg5 Qxg5+ 48. Bxg5 Bxh5 49. Rxe4 Bxg6 50. Bxg6 Bxb2 51. Re8 Rxe8 52. Bxe8 Kg7 53. Bd2 Bd4+ 54. Kf1 Bb6 55. Bc6 Kf6 56. Ke2 Ke5 57. Kd3 Kd6 58. Bb7 a5 59. Bf4+ Kd7 60. Ke4 a4 61. Kd5 Ba5 62. Bc6+ Kc8 63. Bxb5 a3 64. Bd6 Kb7 65. Bxa3 Kb6 66. Kc4 Be1 67. Bb4 Bf2 68. a4 Be3 69. a5+ Kb7 70. Bc5 Bf4 71. Kd5 Bb8 72. a6+ Kc8 73. Bb6 Bc7 74. Kc6 Bb8 75. Bd3 Bc7 76. a7 1-0

[Event "68..ITA Provinciale VE"]
[Site "Venezia Coletti"]
[Date "2008.01.27"]
[Round "3.5"]
[White "Bastianello, Federico"]
[Black "Velluti, Alberto"]
[Result "0-1"]
[WhiteElo "1440"]
[BlackElo "1948"]
[Annotator "Gabriele Ballarin"]
[PlyCount "38"]
[EventDate "2008.01.26"]
[EventType "swiss"]
[EventRounds "5"]
[EventCountry "ITA"]

1. c4 Nf6 2. Nc3 g6 3. Nf3 Bg7 4. g3 d6 5. Bg2 e5 6. d3 Nc6 7. O-O O-O 8. a3 Kh8 9. Rb1 Ng8 10. Nd5 Nce7 11. Bg5 f6 12. Nxe7 Nxe7 13. Bd2 d5 14. Bb4 Rf7 15. cxd5 Nxd5 16. Ng5 fxg5 17. Qb3 Be6 18. e4 Nf4 19. Qc2 Qxd3 0-1

[Event "68..ITA Provinciale VE"]
[Site "Venezia Coletti"]
[Date "2008.02.02"]
[Round "4.1"]
[White "Bettera, Roberto"]
[Black "Marchiori, Diego"]
[Result "0-1"]
[WhiteElo "2021"]
[BlackElo "2077"]
[Annotator "Gabriele Ballarin"]
[PlyCount "83"]
[EventDate "2008.01.26"]
[EventType "swiss"]
[EventRounds "5"]
[EventCountry "ITA"]

1. d4 Nf6 2. Nf3 c5 3. e3 b6 4. Bd3 Bb7 5. Nbd2 g6 6. O-O Bg7 7. c3 O-O 8. Qe2 d6 9. Re1 Qc7 10. e4 Nh5 11. Nf1 e5 12. dxe5 dxe5 13. g4 Nf4 14. Bxf4 exf4 15. Rad1 Nd7 16. h3 Rad8 17. N1h2 Rfe8 18. g5 Ne5 19. Nxe5 Qxe5 20. Nf3 Qe6 21. Qf1 Bc8 22. Kh2 Qxa2 23. Rd2 Qe6 24. Red1 Qe7 25. Bb5 Rxd2 26. Rxd2 Rd8 27. Bc4 Rxd2 28. Nxd2 Qxg5 29. Qd3 Qe7 30. Bd5 Qd7 31. Qf3 b5 32. Nb3 Qc7 33. Nc1 a5 34. Kg2 a4 35. Ne2 Be5 36. Qd3 b4 37. Qc4 a3 38. bxa3 bxa3 39. Qa4 Qd7 40. Qxa3 Qxh3+ 41. Kg1 f3 42. Qa4 0-1

[Event "68..ITA Provinciale VE"]
[Site "Venezia Coletti"]
[Date "2008.02.02"]
[Round "4.2"]
[White "Ruggeri, Pietro"]
[Black "Casagrande, Corrado"]
[Result "1-0"]
[WhiteElo "2112"]
[BlackElo "1532"]
[Annotator "Gabriele Ballarin"]
[PlyCount "101"]
[EventDate "2008.01.26"]
[EventType "swiss"]
[EventRounds "5"]
[EventCountry "ITA"]

1. d4 d5 2. Nf3 Nf6 3. c3 g6 4. Bg5 Bg7 5. Nbd2 c6 6. e3 Nbd7 7. Bd3 O-O 8. O-O Qb6 9. Qb3 Qxb3 10. axb3 Re8 11. h3 e5 12. Nxe5 Nxe5 13. dxe5 Rxe5 14. Bf4 Re8 15. b4 Ne4 16. Nxe4 dxe4 17. Bc4 b5 18. Bb3 Be6 19. Bxe6 Rxe6 20. Rfd1 Be5 21. Bxe5 Rxe5 22. Ra6 c5 23. bxc5 Rxc5 24. Rd4 Rc4 25. Kh2 Rxd4 26. exd4 f5 27. Kg3 g5 28. h4 f4+ 29. Kg4 Re8 30. hxg5 e3 31. fxe3 fxe3 32. Ra1 Rf8 33. Rxa7 Rf2 34. Re7 Rxg2+ 35. Kf3 Rxb2 36. Kxe3 b4 37. cxb4 Rxb4 38. Ke4 Rb1 39. Re5 Kf7 40. d5 Rb6 41. Kd4 Rb1 42. Kc5 Rc1+ 43. Kd6 Rf1 44. Kd7 Rc1 45. d6 Ra1 46. Re7+ Kg6 47. Kc8 Kxg5 48. Rxh7 Kg6 49. Rb7 Kf6 50. d7 Ra8+ 51. Rb8 1-0

[Event "68..ITA Provinciale VE"]
[Site "Venezia Coletti"]
[Date "2008.02.02"]
[Round "4.3"]
[White "Bastianello, Tito"]
[Black "Velluti, Alberto"]
[Result "1-0"]
[WhiteElo "1434"]
[BlackElo "1948"]
[Annotator "Gabriele Ballarin"]
[PlyCount "47"]
[EventDate "2008.01.26"]
[EventType "swiss"]
[EventRounds "5"]
[EventCountry "ITA"]

1. e4 d6 2. d4 g6 3. Nc3 Bg7 4. f4 Nf6 5. Nf3 O-O 6. Be3 a6 7. a4 b6 8. h3 Bb7 9. Bd3 e6 10. O-O c5 11. f5 exf5 12. exf5 Nc6 13. fxg6 fxg6 14. dxc5 dxc5 15. Ng5 Kh8 16. Bc4 Ne5 17. Bb3 Qc8 18. Qd6 Qc6 19. Qxc6 Bxc6 20. Ne6 Rf7 21. Nxg7 Rxg7 22. Rxf6 Re7 23. Bf4 c4 24. Bxe5 1-0

[Event "68..ITA Provinciale VE"]
[Site "Venezia Coletti"]
[Date "2008.02.02"]
[Round "4.4"]
[White "Biagioli, Valerio"]
[Black "Civitareale, Alberto"]
[Result "1-0"]
[WhiteElo "1706"]
[BlackElo "1682"]
[Annotator "Gabriele Ballarin"]
[PlyCount "135"]
[EventDate "2008.01.26"]
[EventType "swiss"]
[EventRounds "5"]
[EventCountry "ITA"]

1. d4 d5 2. c4 e6 3. Nc3 Nf6 4. Bf4 Be7 5. c5 O-O 6. e3 a6 7. Bd3 b6 8. b4 Bb7 9. h3 Nc6 10. a3 bxc5 11. bxc5 Na5 12. Nf3 Ne4 13. Qc2 f5 14. O-O g5 15. Bh2 Nc6 16. Nd2 Bf6 17. Rab1 Rb8 18. Bxe4 dxe4 19. Qa4 Ne7 20. Nc4 Nd5 21. Ne2 Qe7 22. Be5 Bxe5 23. Nxe5 Nf6 24. c6 Ba8 25. Qxa6 Qd6 26. a4 Rb4 27. Rxb4 Qxb4 28. Qa7 Nd5 29. a5 Qb5 30. Ng3 Bxc6 31. Nxc6 Qxc6 32. Rb1 Ra8 33. Rb8+ Rxb8 34. Qxb8+ Kf7 35. Qh8 Kg6 36. Qg8+ Kh6 37. Qf7 Qa6 38. Qh5+ Kg7 39. Qxg5+ Kf8 40. Nh5 Qxa5 41. Qg7+ Ke8 42. Qe5 Qb6 43. Ng7+ Kd7 44. Nxf5 Qb1+ 45. Kh2 Qc2 46. Ng7 c6 47. Qxe6+ Kc7 48. Qf7+ Kb6 49. Ne6 Nc3 50. Nc5 Nd1 51. Kg3 Qe2 52. Qb7+ Ka5 53. Qa7+ Kb4 54. Qa4+ Kc3 55. Qb3+ Kd2 56. Qa2+ Ke1 57. Qxe2+ Kxe2 58. Nxe4 Nxe3 59. fxe3 Kxe3 60. Nd6 Kxd4 61. Kf4 Kd5 62. Ne4 Kd4 63. g4 h6 64. h4 c5 65. g5 hxg5+ 66. hxg5 c4 67. Kf5 c3 68. Nxc3 1-0

[Event "68..ITA Provinciale VE"]
[Site "Venezia Coletti"]
[Date "2008.02.02"]
[Round "4.5"]
[White "Pasqualetto, Lorenzo"]
[Black "Bozzao, Francesco"]
[Result "0-1"]
[WhiteElo "1404"]
[BlackElo "1917"]
[Annotator "Gabriele Ballarin"]
[PlyCount "81"]
[EventDate "2008.01.26"]
[EventType "swiss"]
[EventRounds "5"]
[EventCountry "ITA"]

1. e4 c5 2. Nf3 d6 3. d4 cxd4 4. Nxd4 Nf6 5. Nc3 g6 6. Be3 Bg7 7. Qd2 Ng4 8. O-O-O Nxe3 9. Qxe3 Nd7 10. f4 Qa5 11. Nb3 Qb6 12. Qxb6 Nxb6 13. Nb5 O-O 14. Nc7 Rb8 15. Nd5 Nxd5 16. exd5 Bg4 17. Re1 Bh6 18. g3 Bf3 19. Rg1 Bxd5 20. Rxe7 Rfe8 21. Rxe8+ Rxe8 22. Bb5 Re5 23. c4 Be6 24. Nd4 a6 25. Kc2 Rh5 26. Nxe6 Rxh2+ 27. Kc3 axb5 28. Nd8 Bg7+ 29. Kd3 Rxb2 30. cxb5 Rxb5 31. Kc4 Rb2 32. Rd1 b5+ 33. Kd5 Rxa2 34. Rb1 Rb2 35. Rd1 b4 36. Kxd6 Bc3 37. Nc6 Rg2 38. Rd3 Be1 39. Rb3 Rxg3 40. Rxg3 Bxg3 41. Nxb4 0-1

[Event "68..ITA Provinciale VE"]
[Site "Venezia Coletti"]
[Date "2008.02.03"]
[Round "5.1"]
[White "Bettera, Roberto"]
[Black "Ruggeri, Pietro"]
[Result "1/2-1/2"]
[WhiteElo "2021"]
[BlackElo "2112"]
[Annotator "Roberto Bettera"]
[PlyCount "136"]
[EventDate "2008.01.26"]
[EventType "swiss"]
[EventRounds "5"]
[EventCountry "ITA"]

1. d4 d5 2. c4 e5 3. dxe5 d4 4. Nf3 Nc6 5. g3 Nge7 6. Bg2 Bg4 7. O-O Qd7 8. Nbd2 Ng6 9. Re1 Be7 10. a3 a5 11. Qa4 O-O 12. Qb5 a4 13. Qd5 Qc8 14. Nxd4 Rd8 15. Nxc6 Rxd5 16. Nxe7+ Nxe7 17. cxd5 Bh3 18. Bh1 Ra5 19. Nc4 Rc5 20. Ne3 Ng6 21. f4 h5 22. Bd2 Qd7 23. Bb4 Rb5 24. Rac1 h4 25. Rc4 Ne7 26. Rd1 hxg3 27. hxg3 Nf5 28. Nxf5 Bxf5 29. Rdd4 Kh7 30. Kf2 Bb1 31. e4 Ba2 32. Rc1 c5 33. Rxc5 Rxc5 34. Bxc5 Qc7 35. Bb4 Qc1 36. Bf3 Bc4 37. Bg2 g5 38. f5 Qxb2+ 39. Rd2 Qxe5 40. d6 Bb5 41. d7 Bxd7 42. Rxd7 Qb2+ 43. Rd2 Qc1 44. Bf3 b6 45. Kg2 Qc7 46. Kh3 Qe5 47. Kg4 Kg7 48. Rd6 b5 49. Rc6 Qe8 50. e5 Qd7 51. Bd6 b4 52. Bxb4 Qd4+ 53. Kxg5 Qe3+ 54. Kg4 Qd4+ 55. Kh3 Qd3 56. f6+ Kg6 57. Kg2 Qb1 58. Rc3 Qa2+ 59. Kg1 Qb1+ 60. Kh2 Qa2+ 61. Bg2 Qe2 62. Rf3 Qxe5 63. Rf4 Qh5+ 64. Kg1 Qd1+ 65. Kh2 Qh5+ 66. Rh4 Qe2 67. Bc3 Qc2 68. Bb4 Qe2 1/2-1/2

[Event "68..ITA Provinciale VE"]
[Site "Venezia Coletti"]
[Date "2008.02.03"]
[Round "5.2"]
[White "Marchiori, Diego"]
[Black "Bastianello, Tito"]
[Result "1-0"]
[WhiteElo "2077"]
[BlackElo "1434"]
[Annotator "Gabriele Ballarin"]
[PlyCount "67"]
[EventDate "2008.01.26"]
[EventType "swiss"]
[EventRounds "5"]
[EventCountry "ITA"]

1. e4 d6 2. d4 Nf6 3. Nc3 g6 4. Bc4 Nxe4 5. Bxf7+ Kxf7 6. Nxe4 h6 7. Nf3 Kg7 8. d5 Kh7 9. O-O Bg7 10. c3 e5 11. dxe6 d5 12. e7 Qd7 13. Ng3 Re8 14. Re1 c6 15. Qe2 Qc7 16. Nh4 Qd6 17. h3 Na6 18. Bd2 Nc7 19. Qd3 Qf6 20. Nf3 Qf7 21. Ne5 Bxe5 22. Rxe5 Rxe7 23. Rxe7 Qxe7 24. Re1 Qf8 25. Re3 Be6 26. Rf3 Qd6 27. Qe3 g5 28. Qd3+ Kh8 29. Qg6 g4 30. Qxh6+ Kg8 31. Nh5 Ne8 32. Qg6+ Kh8 33. Bf4 Qe7 34. Be5+ 1-0

[Event "68..ITA Provinciale VE"]
[Site "Venezia Coletti"]
[Date "2008.02.03"]
[Round "5.3"]
[White "Velluti, Alberto"]
[Black "Bozzao, Francesco"]
[Result "1/2-1/2"]
[WhiteElo "1948"]
[BlackElo "1917"]
[Annotator "Gabriele Ballarin"]
[PlyCount "62"]
[EventDate "2008.01.26"]
[EventType "swiss"]
[EventRounds "5"]
[EventCountry "ITA"]

1. e4 c5 2. Nf3 d6 3. d4 cxd4 4. Nxd4 Nf6 5. Nc3 g6 6. Be2 Bg7 7. Be3 O-O 8. f3 Nc6 9. Qd2 Nxd4 10. Bxd4 Be6 11. h4 Qa5 12. g4 h5 13. gxh5 Qxh5 14. O-O-O Bh6 15. Be3 Kg7 16. Bg5 Kh7 17. Rdg1 Rac8 18. Nd5 Nxd5 19. exd5 Bf5 20. f4 Rxc2+ 21. Qxc2 Rc8 22. Qxc8 Qxe2 23. Qc3 Bg7 24. Qb3 f6 25. Rd1 fxg5 26. hxg5+ Kg8 27. Rhe1 Qf2 28. Rxe7 Qxf4+ 29. Qe3 Qc4+ 30. Kd2 Qxd5+ 31. Ke1 Qh1+ 1/2-1/2

[Event "68..ITA Provinciale VE"]
[Site "Venezia Coletti"]
[Date "2008.02.03"]
[Round "5.4"]
[White "Casagrande, Corrado"]
[Black "Biagioli, Valerio"]
[Result "0-1"]
[WhiteElo "1532"]
[BlackElo "1706"]
[Annotator "Gabriele Ballarin"]
[PlyCount "110"]
[EventDate "2008.01.26"]
[EventType "swiss"]
[EventRounds "5"]
[EventCountry "ITA"]

1. d4 e6 2. Nf3 d5 3. c3 c5 4. e3 Nc6 5. Bd3 Nf6 6. Nbd2 Bd6 7. O-O O-O 8. Re1 e5 9. dxe5 Nxe5 10. Nxe5 Bxe5 11. h3 Bc7 12. Nf3 Qd6 13. Qa4 c4 14. Bb1 Ne4 15. Rd1 Nxf2 16. Kxf2 Qg3+ 17. Kf1 Be6 18. Qc2 g6 19. Qf2 Qd6 20. Qh4 f6 21. Qf4 Qe7 22. Qh4 Rad8 23. Bc2 Bb6 24. Nd4 Bc8 25. e4 Qf7 26. exd5 Rxd5 27. Ba4 Bf5 28. Be3 Bd3+ 29. Kg1 Rh5 30. Qg3 f5 31. Bf4 h6 32. Qf2 g5 33. Bd6 Qd5 34. Bxf8 Kxf8 35. Re1 Rh4 36. Re8+ Kf7 37. Rae1 Rxd4 38. R1e7+ Kg6 39. Re6+ Kh5 40. Bd1+ g4 41. cxd4 Bxd4 42. hxg4+ fxg4 43. Re5+ Bxe5 44. Qe1 Be4 45. Qe2 Bd4+ 46. Kh1 Bf5 47. Re7 Bxb2 48. Re3 Bf6 49. Rh3+ Kg5 50. Qe3+ Kg6 51. Rxh6+ Kf7 52. Be2 c3 53. Qc1 c2 54. Qf1 Qd2 55. Bc4+ Ke7 0-1

[Event "68..ITA Provinciale VE"]
[Site "Venezia Coletti"]
[Date "2008.02.03"]
[Round "5.5"]
[White "Civitareale, Alberto"]
[Black "Pasqualetto, Lorenzo"]
[Result "1-0"]
[WhiteElo "1682"]
[BlackElo "1404"]
[Annotator "Gabriele Ballarin"]
[PlyCount "55"]
[EventDate "2008.01.26"]
[EventType "swiss"]
[EventRounds "5"]
[EventCountry "ITA"]

1. e4 c5 2. Nf3 d6 3. d4 cxd4 4. Nxd4 Nf6 5. Nc3 a6 6. Bc4 e6 7. Bg5 Be7 8. Qd2 Qc7 9. Bb3 Nbd7 10. f3 b5 11. a3 Nb6 12. O-O-O Bd7 13. Rhe1 O-O 14. Qd3 Rfe8 15. g3 e5 16. Nf5 Bxf5 17. exf5 Rab8 18. Bxf6 Bxf6 19. Qxd6 Qxd6 20. Rxd6 Red8 21. Red1 Bg5+ 22. Kb1 Rxd6 23. Rxd6 Kf8 24. Nd5 Nxd5 25. Rxd5 f6 26. Rd7 Rc8 27. Rf7+ Kg8 28. Rc7+ 1-0

[Event "40.CIS A2/3"]
[Site "Padova"]
[Date "2008.03.09"]
[Round "3.1"]
[White "Rosino, Antonio"]
[Black "Luciani, Valerio"]
[Result "1/2-1/2"]
[WhiteElo "2267"]
[BlackElo "2217"]
[Annotator "Antonio Rosino"]
[PlyCount "52"]
[EventDate "2008.03.09"]
[EventType "team"]
[EventCountry "ITA"]
[WhiteTeam "Canal A Venezia"]
[BlackTeam "Obbiettivo Risarcimento B Padova"]
[WhiteTeamCountry "ITA"]
[BlackTeamCountry "ITA"]

1. e4 e6 2. d4 d5 3. Nc3 Bb4 4. e5 c5 5. a3 Bxc3+ 6. bxc3 Ne7 7. Qg4 Qc7 8. Qxg7 Rg8 9. Qxh7 cxd4 10. Ne2 Nbc6 11. f4 Bd7 12. Qd3 dxc3 13. Nxc3 a6 14. Ne2 Nf5 15. h3 $1 Na5 16. g4 Bb5 17. Qc3 Qxc3+ 18. Nxc3 Bxf1 19. Rxf1 Nd4 20. Ra2 Rc8 21. Ne2 Rxc2 22. Rxc2 Nxc2+ 23. Kd1 Na1 24. Bb2 $6 (24. Rf3 $1 N1b3 25. Rc3 Kd7 26. Be3 Rc8 27. Rxc8 Kxc8 28. Kc2 Nc4 29. Bg1 Nbd2 30. h4 Nf3 31. h5 Nxa3+ 32. Kb3 Nc4 33. Bf2 Ncd2+ 34. Kb4 Ne4 35. h6 $18) 24... N1b3 25. Nd4 (25. Rf3) (25. Bd4) 25... Nc4 26. Nxb3 Nxb2+ (26... Nxb2+ 27. Ke2 Nc4 28. Nc5 Nxa3 29. Nxb7 Nc4 30. Rb1 Kf8 (30... Rh8 31. Nd6+ Kd7 32. Rb7+ Kc6 33. Nxf7 Re8 34. Ra7 $16) 31. Nd6) 1/2-1/2

[Event "40.CIS A2/3"]
[Site "Padova"]
[Date "2008.03.09"]
[Round "3.2"]
[White "Navarro, Stefano"]
[Black "Pastres, Roberto"]
[Result "0-1"]
[WhiteElo "2266"]
[BlackElo "2123"]
[Annotator "Roberto Pastres"]
[PlyCount "66"]
[EventDate "2008.03.09"]
[EventType "team"]
[EventCountry "ITA"]
[WhiteTeam "Obbiettivo Risarcimento B Padova"]
[BlackTeam "Canal A Venezia"]
[WhiteTeamCountry "ITA"]
[BlackTeamCountry "ITA"]

1. e4 e5 2. Nf3 Nc6 3. c3 Nf6 4. d4 Nxe4 5. d5 Nb8 6. Nxe5 Bc5 7. Qf3 O-O 8. Qxe4 d6 9. Bd3 f5 10. Qc4 b5 11. Qb3 dxe5 12. Bxb5 (12. d6+ Kh8 13. Qd5 Qxd6 14. Qxa8 Qxd3 (14... c6) 15. Qxb8 Qe4+ 16. Kd1 Qxg2 17. Re1 Bxf2) 12... Kh8 13. O-O Nd7 14. Qc2 Nf6 15. Bc6 Rb8 16. b4 Bd6 17. a3 e4 18. f4 exf3 19. Rxf3 (19. gxf3) 19... Ng4 20. Bf4 (20. Rh3 Nxh2 21. Rxh2 Bxh2+ 22. Kxh2 Qh4+ 23. Kg1 Qe1+ 24. Kh2 f4) 20... Bxf4 21. Rxf4 g5 (21... Qd6 22. g3 g5 23. Rf3 f4 (23... Ne5)) 22. Rf3 f4 23. Nd2 Bf5 24. Qb2 Qf6 25. Rff1 Ne5 (25... Qh6 26. Nf3) 26. Nf3 Nc4 27. Qb3 (27. Qe2) 27... Ne3 28. Rf2 g4 29. Nd4 g3 30. Rxf4 gxh2+ 31. Kxh2 (31. Kh1 Qg5 32. Rf2 Be4) 31... Qh6+ 32. Kg3 Qg5+ (32... Bc2) 33. Kf3 Bg4+ (33... Bc2) 0-1